000 01051cam a22003137a 4500
008
020 _a9780199219827 (pbk.)
049 _aMAIN
090 _aQH440
_bMEN
100 1 _aMeneely, Philip Mark.
245 1 0 _aAdvanced genetic analysis :
_bgenes, genomes, and networks in eukaryotes /
_cPhilip Meneely with contributions from Matthew R. Willmann.
260 _aOxford :
_bOxford University Press,
_cc2009.
300 _axxvii, 542 p. :
_bill. (some col.) ;
_c27 cm.
500 _aIncludes index.
504 _aIncludes bibliographical references .
650 0 _aGenetics
_xResearch
_xMethodology.
650 0 _aEukaryotic cells
_xResearch.
650 1 2 _aGenetic Techniques.
650 2 2 _aEukaryotic Cells
_xphysiology.
650 2 2 _aGene Expression Regulation.
650 2 2 _aGenomics.
650 2 2 _aModels, Genetic.
700 1 _aWillmann, Matthew R.
907 _a.b10337209
_b12-11-13
_c08-11-13
003
005 20230123122038.0
040 _cNUST
942 _cBOOKS
_kQH440
_mMEN
999 _c126847
_d126847